Southville International School and Colleges
Your cart is empty.
  • Cart
  • Lists
    Public lists Eva Luna New books Lux_list list_1
    Your lists Log in to create your own lists
  • Log in to your account
  • Your cookies
  • Search history
Southville International School and Colleges
  • Advanced search
  • Recent comments
  • Most popular
  • Libraries

Log in to your account

Log in with GOOGLE


If you do not have an external account, but do have a local account, you can still log in:

  1. Home
  2. MARC view: Diamonds in the dust /
Normal view MARC view ISBD view

Diamonds in the dust / (Record no. 300490)

[ view plain ]
MARC details
000 -LEADER
fixed length control field 00417nam a22001577a 4500
003 - CONTROL NUMBER IDENTIFIER
control field sisc
005 - DATE AND TIME OF LATEST TRANSACTION
control field 20160815093837.0
008 - FIXED-LENGTH DATA ELEMENTS--GENERAL INFORMATION
fixed length control field 160815b xxu||||| |||| 00| 0 eng d
020 ## - INTERNATIONAL STANDARD BOOK NUMBER
International Standard Book Number 9789715119627
050 ## - LIBRARY OF CONGRESS CALL NUMBER
Classification number BV 4870
Item number .T121 1993
100 ## - MAIN ENTRY--PERSONAL NAME
Personal name Tada, Joni Eareckson.
245 ## - TITLE STATEMENT
Title Diamonds in the dust /
Statement of responsibility, etc Joni Eareckson Tada.
260 ## - PUBLICATION, DISTRIBUTION, ETC. (IMPRINT)
Place of publication, distribution, etc Manila :
Name of publisher, distributor, etc OMF Literature,
Date of publication, distribution, etc 1993.
300 ## - PHYSICAL DESCRIPTION
Dimensions 21 cm.
942 ## - ADDED ENTRY ELEMENTS (KOHA)
Source of classification or shelving scheme Library of Congress Classification
Koha item type Books
Holdings
Withdrawn status Lost status Source of classification or shelving scheme Damaged status Home library Current library Shelving location Date acquired Source of acquisition Sub Shelving location Total Checkouts Full call number Barcode Date last seen Price effective from Koha item type
    Library of Congress Classification   College Library College Library Filipiniana Section 08/15/2016 Donation     BV 4870 .T121 1993 C20661 05/08/2018 08/15/2016 Books

Diamonds in the dust /

APA

Tada J. E., . (1993). Diamonds in the dust. Manila: OMF Literature.

Chicago

Tada Joni Eareckson, . 1993. Diamonds in the dust. Manila: OMF Literature.

Harvard

Tada J. E., . (1993). Diamonds in the dust. Manila: OMF Literature.

MLA

Tada Joni Eareckson, . Diamonds in the dust. Manila: OMF Literature. 1993.

  • Place hold
  • Print
  • Cite
  • Add to your cart (remove)
  • Save record
    BIBTEX Dublin Core MARCXML MARC (non-Unicode/MARC-8) MARC (Unicode/UTF-8) MARC (Unicode/UTF-8, Standard) MODS (XML) RIS
  • More searches
    Search for this title in:
    Other Libraries (WorldCat) Other Databases (Google Scholar) Online Stores (Bookfinder.com) Open Library (openlibrary.org)

Exporting to Dublin Core...

SOUTHVILLE LIBRARY

Southville International School and Colleges Library

1281 Tropical Ave. Cor. Luxembourg St., BF Homes International, Las Pinas City

Tel. No. 8256374 / 252358 Loc. 117/146

Powered by Koha